| 000 | 01531nam a2200325 i 4500 | ||
|---|---|---|---|
| 001 | 173250 | ||
| 003 | ES-MaACL | ||
| 005 | 20250629063145.0 | ||
| 008 | 091120s1983 ck a |||| |dspa d | ||
| 080 | _a929 Cuervo, Rufino José | ||
| 080 | _a929 Peña, Rafael Ángel de la | ||
| 080 | _a929 Caro, Miguel Antonio | ||
| 100 | 1 |
_aCaro, Miguel Antonio, _d1843-1909 _935400 _eaut |
|
| 245 | 1 | 0 |
_aEpistolario de Miguel Antonio Caro y Rufino José Cuervo con Rafael Ángel de la Peña y otros mexicanos / _cedición, introducción y notas de Angelina Araújo Vélez. |
| 260 |
_aBogotá : _bInstituto Caro y Cuervo, _c1983. |
||
| 300 |
_a473 páginas, [28] hojas de láminas ; _c23 cm. |
||
| 490 | 1 |
_aPublicaciones del Instituto Caro y Cuervo. Archivo epistolar colombiano ; _v18 |
|
| 600 | 1 | 7 |
_aCaro, Miguel Antonio, _d1843-1909- _vCorrespondencia _9162785 |
| 600 | 1 | 7 |
_aCuervo, Rufino José, _d1844-1911- _xCorrespondencia _9141578 |
| 600 | 1 | 4 |
_aPeña, Rafael Ángel de la, _d1837-1906- _vCorrespondencia _9162789 |
| 700 | 1 |
_aCuervo, Rufino José, _d1844-1911 _942021 _eaut |
|
| 700 | 1 |
_aPeña, Rafael Ángel de la, _d1837-1906 _9160115 _eaut |
|
| 700 | 1 |
_aAraújo Vélez, Angelina. _9160114 _epbl |
|
| 710 | 2 |
_aInstituto Caro y Cuervo. _94806 _eedt |
|
| 830 | 1 |
_aPublicaciones del Instituto Caro y Cuervo. Archivo epistolar colombiano ; _v18 _9189200 |
|
| 852 |
_aES-MaACL _cDEPO2 _hDonat. herederos José Prat _jC-57063 |
||
| 942 |
_2udc _cMONOGRAFIA _n0 |
||
| 999 |
_c173250 _d173250 |
||